Seismic design aids for nonlinear analysis of reinforced concrete structures / (Record no. 329546)

000 -LEADER
fixed length control field 01228cam a2200289 a 4500
001 - CONTROL NUMBER
control field 15743280
003 - CONTROL NUMBER IDENTIFIER
control field NUST
005 - DATE AND TIME OF LATEST TRANSACTION
control field 20170512162409.0
008 - FIXED-LENGTH DATA ELEMENTS--GENERAL INFORMATION
fixed length control field 090519s2010 fluaf b 001 0 eng
010 ## - LIBRARY OF CONGRESS CONTROL NUMBER
LC control number 2009020201
020 ## - INTERNATIONAL STANDARD BOOK NUMBER
International Standard Book Number 9781439809143 (hard back : alk. paper)
020 ## - INTERNATIONAL STANDARD BOOK NUMBER
International Standard Book Number 1439809143 (hard back : alk. paper)
035 ## - SYSTEM CONTROL NUMBER
System control number (OCoLC)ocn286459174
040 ## - CATALOGING SOURCE
Original cataloging agency DLC
Transcribing agency DLC
Modifying agency BTCTA
-- YDXCP
-- C#P
-- CDX
-- BWX
-- DLC
050 00 - LIBRARY OF CONGRESS CALL NUMBER
Classification number TA658.44
Item number .S386 2010
082 00 - DEWEY DECIMAL CLASSIFICATION NUMBER
Classification number 624.18341 CHA
Edition number 22
245 00 - TITLE STATEMENT
Title Seismic design aids for nonlinear analysis of reinforced concrete structures /
Statement of responsibility, etc. Srinivasan Chandrasekaran ... [et al.].
260 ## - PUBLICATION, DISTRIBUTION, ETC.
Place of publication, distribution, etc. Boca Raton :
Name of publisher, distributor, etc. CRC Press,
Date of publication, distribution, etc. c2010.
300 ## - PHYSICAL DESCRIPTION
Extent xxii, 227 p., [16] p. of plates :
Other physical details ill. (some col.) ;
Dimensions 25 cm.
504 ## - BIBLIOGRAPHY, ETC. NOTE
Bibliography, etc. note Includes bibliographical references and index.
650 #0 - SUBJECT ADDED ENTRY--TOPICAL TERM
Topical term or geographic name entry element Earthquake resistant design.
9 (RLIN) 652
650 #0 - SUBJECT ADDED ENTRY--TOPICAL TERM
Topical term or geographic name entry element Reinforced concrete construction.
9 (RLIN) 653
650 #0 - SUBJECT ADDED ENTRY--TOPICAL TERM
Topical term or geographic name entry element Structural analysis (Engineering)
9 (RLIN) 654
650 #0 - SUBJECT ADDED ENTRY--TOPICAL TERM
Topical term or geographic name entry element Nonlinear theories.
9 (RLIN) 655
700 1# - ADDED ENTRY--PERSONAL NAME
Personal name Chandrasekaran, Srinivasan.
9 (RLIN) 656
906 ## - LOCAL DATA ELEMENT F, LDF (RLIN)
a 7
b cbc
c orignew
d 1
e ecip
f 20
g y-gencatlg
942 ## - ADDED ENTRY ELEMENTS (KOHA)
Source of classification or shelving scheme
Koha item type Book
Holdings
Withdrawn status Lost status Source of classification or shelving scheme Damaged status Not for loan Permanent Location Current Location Date acquired Total Checkouts Full call number Barcode Date last seen Price effective from Koha item type
          School of Civil and Environmental Engineering (SCEE) School of Civil and Environmental Engineering (SCEE) 05/12/2017   624.18341 CHA NIT-8584 05/12/2017 05/12/2017 Book
© 2023 Central Library, National University of Sciences and Technology. All Rights Reserved.